| 000 | 01165cam a22003497a 4500 | ||
|---|---|---|---|
| 003 | CHAP | ||
| 005 | 20220329142627.0 | ||
| 008 | 020531d1989 mx r 00110 spa d | ||
| 010 | _a85821 | ||
| 011 | _a86793 | ||
| 020 | _a9683901719 | ||
| 035 | _a97333 | ||
| 040 | _cCHAP | ||
| 082 | 1 | 4 |
_a305.4 _bB4Y |
| 100 | 0 | 0 |
_aBeauvoir, Simone de. _911101 |
| 245 | 1 | 3 |
_aEl segundo sexo _c/por Simone de Beauvoir |
| 260 |
_aMéxico, D.F. : _bSiglo Veinte, _c1989. |
||
| 300 | _a2 v. | ||
| 300 | _aLa biblioteca tiene : v.1 Los hechos y los mitos .- - v.2 La experiencia vivida | ||
| 590 |
_aBATCH-UPD _b10 _c20130110 _lUCH01 _h1014 |
||
| 590 |
_aBATCH-UPD _b10 _c20130410 _lUCH01 _h0621 |
||
| 590 |
_aBATCH-UPD _b10 _c20130914 _lUCH01 _h1252 |
||
| 590 |
_aCONVERSION _b10 _c20130109 _lUCH01 _h1348 |
||
| 650 | 1 | 4 |
_aEducación sexual. _935598 |
| 650 | 1 | 4 |
_aMujer _xSituación social _zColima. _979337 |
| 650 | 1 | 4 |
_aSexualidad humana. _9105427 |
| 901 | _aBK | ||
| 905 | _aMayto Villalobos S. | ||
| 942 | _cLIBRO | ||
| 949 |
_a305.4 B4Y _bBC _cLIBRO _d33724000851648 _eLIBRO _fv.1 _h102593 _i97333 _si |
||
| 949 |
_a305.4 B4Y _bBC _cLIBRO _d33724000851705 _eLIBRO _fv.2 _h102594 _i97333 _si |
||
| 999 |
_c85821 _d85821 |
||